Statistiques concernant - 111 Personnages en 111 Cosplays -

Cliquez ici pour prendre le quiz!

Statistiques générales

  • Ce quiz a été pris 256 fois
  • Le résultat moyen est 63 sur 111

Statistiques - réponses

Réponse% Correct
Obélix
100%
Thor
96%
Dora Marquez
94%
Spider-Man
94%
Superman
94%
Captain America
92%
Astérix
91%
Hermione Granger
91%
Luigi
89%
Pikachu
89%
Batman
88%
Dark Vador
88%
Jack Sparrow
88%
Shrek
88%
Woody
88%
Iron Man
87%
Joker
87%
Princesse Peach
87%
Flash
86%
Mario
86%
Lucky Luke
85%
Naruto Uzumaki
85%
Capitaine Haddock
84%
Princesse Fiona
84%
Wario
83%
Wolverine
83%
Homer Simpson
82%
Rubeus Hagrid
82%
Severus Rogue
82%
Catwoman
81%
Chewbacca
81%
Ronald McDonald
81%
Gandalf
80%
Indiana Jones
80%
Maléfique
80%
Wonder Woman
80%
Supergirl
79%
Robin
77%
Véra Dinkley
75%
Bellatrix Lestrange
74%
Albus Dumbledore
73%
Anna
73%
Green Lantern
73%
Sacha Ketchum
73%
Thanos
73%
Panoramix
70%
Edward
69%
Harley Quinn
68%
Kamé Sennin
66%
Raphaël
64%
Mercredi Addams
63%
Leonardo
62%
Legolas
61%
Dark Maul
60%
Minerva McGonagall
60%
Batgirl
57%
Saitama
56%
C. Montgomery Burns
54%
Hellboy
54%
Marty McFly
53%
Michelangelo
53%
Sheev Palpatine
52%
Itachi Uchiwa
51%
Kenny McCormick
51%
Piccolo
51%
Freddy Krueger
50%
Pingouin
50%
Kick-Ass
49%
Punisher
49%
Bumblebee
48%
Poison Ivy
48%
Roronoa Zoro
48%
Cyclope
45%
Fred Pierrafeu
44%
Jack Frost
41%
Kratos
41%
Davy Jones
40%
Katsuki Bakugo
40%
Koro-sensei
40%
Jigsaw
39%
Musclor
39%
Ondine
37%
Daenerys Targaryen
36%
Doctor Who
34%
Sphinx
34%
Trunks
34%
Epouvantail
33%
Michonne
33%
Dexter
32%
Bender
31%
Hinata Hyûga
27%
Scorpion
27%
Splinter
27%
Jesse Pinkman
26%
Bane
25%
Daryl Dixon
25%
Raven
24%
Chun-Li
23%
Krokmou
22%
Ciri
16%
Mojo Jojo
16%
Rorschach
16%
Yubaba
16%
Randy Marsh
15%
Docteur Zoidberg
13%
Judge Dredd
13%
Power Girl
7%
Alice
5%
Ruby Rhod
5%
Gul'dan
3%
Illidan Hurlorage
3%

Distribution des résultats

Percentile par nombre de réponses

% des personnes avec chaque résultat

Votre développement - résultats

Vous n’avez pas pris ce quiz